000 00949cam a22002651 4500
001 s 13000104
003 DLC
005 20260227111911.0
008 761014s1889 dcu 000 0 eng
010 _as 13000104
035 _a(OCoLC)2503503
040 _aDLC
_cTxArU
_dDLC
042 _apremarc
050 0 0 _aQ11
_b.S68 vol. 26
086 0 _aSI 1.6:26/2
100 1 _aHyatt, Alpheus,
_d1838-1902.
245 1 0 _aGenesis of the Arietidae.
_cBy Alpheus Hyatt.
260 _aWashington,
_bSmithsonian Institution,
_c1889.
300 _axi, 238, [2] p. 13l.
_billus., xiv (i.e. 15) plates, vi fold. tab.
_c33 cm.
440 0 _aSmithsonian contributions to knowledge
_v[vol. XXVI, art. 2]
440 0 _aSmithsonian Institution publication
_v673
500 _a"Published by the Smithsonian Institution in cooperation with the Museum of Comparative Zoology, Cambridge, Mass."
500 _aSudocs number: SI 1.6:26/2.
650 0 _aArietidae.
999 _c52658
_d52658